000 00333 a2200145 4500
001 168639
020 _a
040 _cMagnum
100 _aMinisterio da Educacao e Cultura
240 1 0 _aRegras oficiais de atletismo
_lpor
245 1 0 _aRegras oficiais de atletismo
362 0 _a1899
697 _aEDUCACAO FISICA
942 _cBK
999 _c168639
_d168639